000 00988nam a2200253Ia 4500
001 ocn430880498
008 090728s2008 cc b 000 0 chi d
020 _a9789622087125
041 1 _achi
_heng
066 _c$1
100 1 _aWright, N. T.
_q(Nicholas Thomas)
240 1 0 _aPaul, in fresh perspective.
_lChinese
245 1 0 _a保羅神學嶄新觀 Baoluo shen xue zhan xin guan = Paul : new perspectives {ch} /
_cLaite zhu ; Shao Zhangping, Shao Yin Miaozhen yi.
246 3 1 _aPaul :
_bnew perspectives
250 _aChu ban.
260 _aXianggang :
_bTian dao shu lou you xian gong si,
_c2008.
300 _axvii, 284 p. ;
_c22 cm.
490 _aSheng jing yan jiu cong shu =
_aBible studies series
500 _aTranslation of: Paul : in fresh perspectives.
504 _aIncludes bibliographical references (p. 279-284).
600 0 0 _aPaul,
_cthe Apostle, Saint {ch}.
630 0 0 _aBible.
_pEpistles of Paul
_xCriticism, interpretation, etc.{ch}.
942 _2lcc
_cBK
_06
999 _c39409
_d39409